Terremoto/ (Record no. 3782)

MARC details
000 -LEADER
campo de control de longitud fija 01568nam a22003977a 4500
003 - IDENTIFICADOR DE NÚMERO DE CONTROL
campo de control OSt
005 - FECHA Y HORA DE LA ÚLTIMA TRANSACCIÓN
campo de control 20230531150957.0
008 - DATOS DE LONGITUD FIJA--INFORMACIÓN GENERAL
campo de control de longitud fija 221006b |||||||| |||| 00| 0 eng d
020 ## - NÚMERO INTERNACIONAL ESTÁNDAR DEL LIBRO
Número Internacional Estándar del Libro 978-2- 940524-83-9
040 ## - FUENTE DE CATALOGACIÓN
Centro/agencia transcriptor Biblioteca Lado V
082 ## - NÚMERO DE LA CLASIFICACIÓN DECIMAL DEWEY
Número de clasificación 709.05
Número de ítem V152t
100 ## - ENTRADA PRINCIPAL--NOMBRE DE PERSONA
9 (RLIN) 840
Nombre de persona Valencia, Natalia
Término indicativo de función/relación editora
245 ## - MENCIÓN DEL TÍTULO
Título Terremoto/
Resto del título La pared dividida/
260 ## - PUBLICACIÓN, DISTRIBUCIÓN, ETC.
Lugar de publicación, distribución, etc. Mexico
Nombre del editor, distribuidor, etc. Museo Jumex
Fecha de publicación, distribución, etc. 2018
300 ## - DESCRIPCIÓN FÍSICA
Dimensiones 22x34cm
Extensión 99p.
366 ## - INFORMACIÓN SOBRE DISPONIBILIDAD COMERCIAL
Nota eng
490 ## - MENCIÓN DE SERIE
Mención de serie 13
Designación de volumen o secuencia 2018
505 ## - NOTA DE CONTENIDO CON FORMATO
Nota de contenido con formato La arquitectura no hará ningún cambio social por si misma
505 ## - NOTA DE CONTENIDO CON FORMATO
Nota de contenido con formato Modernidad, desarrollo, interculturalidad
505 ## - NOTA DE CONTENIDO CON FORMATO
Nota de contenido con formato Hacia una arquitectura medioambiental
505 ## - NOTA DE CONTENIDO CON FORMATO
Nota de contenido con formato Puerta de Tierra, Paraíso tropical
505 ## - NOTA DE CONTENIDO CON FORMATO
Nota de contenido con formato Helados revolucionarios
505 ## - NOTA DE CONTENIDO CON FORMATO
Nota de contenido con formato Creación de archivos alternativos y provisionales para el diseño y la arquitectura en Chile
505 ## - NOTA DE CONTENIDO CON FORMATO
Nota de contenido con formato Arriba los de abajo
505 ## - NOTA DE CONTENIDO CON FORMATO
Nota de contenido con formato Gentrificacion en el sur
505 ## - NOTA DE CONTENIDO CON FORMATO
Nota de contenido con formato Hacia el espacio expositivo naranja
505 ## - NOTA DE CONTENIDO CON FORMATO
Nota de contenido con formato Las Cassandras urbanas de nuestros tiempos
505 ## - NOTA DE CONTENIDO CON FORMATO
Nota de contenido con formato Hacia otra pedagogía radical de la proxemica y de lo habitable
505 ## - NOTA DE CONTENIDO CON FORMATO
Nota de contenido con formato El resultado imprevisible de la exposición mutua
650 ## - PUNTO DE ACCESO ADICIONAL DE MATERIA--TÉRMINO DE MATERIA
Fuente del encabezamiento o término Tesauro de Arte & Arquitectura
Término de materia o nombre geográfico como elemento de entrada ARTE
9 (RLIN) 703
650 ## - PUNTO DE ACCESO ADICIONAL DE MATERIA--TÉRMINO DE MATERIA
Fuente del encabezamiento o término Tesauro de Arte & Arquitectura
Término de materia o nombre geográfico como elemento de entrada EXPOSICIONES
9 (RLIN) 702
650 ## - PUNTO DE ACCESO ADICIONAL DE MATERIA--TÉRMINO DE MATERIA
Fuente del encabezamiento o término Tesauro de Arte & Arquitectura
Término de materia o nombre geográfico como elemento de entrada ARTE CONTEMPORANEO
9 (RLIN) 702
650 ## - PUNTO DE ACCESO ADICIONAL DE MATERIA--TÉRMINO DE MATERIA
Fuente del encabezamiento o término Tesauro de Arte & Arquitectura
Término de materia o nombre geográfico como elemento de entrada ARTE AMERICANO
650 ## - PUNTO DE ACCESO ADICIONAL DE MATERIA--TÉRMINO DE MATERIA
Fuente del encabezamiento o término Tesauro de Arte & Arquitectura
Término de materia o nombre geográfico como elemento de entrada INGLES
942 ## - ELEMENTOS DE ENTRADA SECUNDARIOS (KOHA)
Fuente del sistema de clasificación o colocación Clasificación Decimal Dewey
Tipo de ítem Koha Libros
Parte de la signatura que corresponde a la clasificación (Parte de la clasificación) 709.05
Parte de la signatura que identifica el ejemplar (Parte del ítem) V152t
Suprimir en OPAC No
Holdings
Estatus retirado Estado de pérdida Fuente del sistema de clasificación o colocación Especificación de materiales (volumen encuadernado u otra parte) Estado de daño No para préstamo Colección Biblioteca de origen Biblioteca actual Fecha de adquisición Enumeración/cronología de publicación seriada Número de inventario Total de préstamos Signatura topográfica completa Código de barras Visto por última vez Precio de reemplazo Tipo de ítem Koha
    Clasificación Decimal Dewey 2018     Revistas Biblioteca LadoV Biblioteca LadoV 31/05/2023 13 002841   709.05 V152t 002841 31/05/2023 31/05/2023 Libros